000 00639nam a2200169 i 4500
001 187955
003 ES-MaACL
005 20230906223052.0
008 180402s1903 sp |||| | spa d
100 0 _aEspinosa, Sixto.
_947900
245 1 3 _aLa administración y el pequeño contribuyente /
_cconferencia pronunciada por Sixto Espinosa el día 21 de abril de 1893.
260 _a[S.l.] :
_b[s.n.],
_c1903 (
_eAlmería :
_fImpr. "La Industria")
300 _a34 p. ;
_c23 cm.
594 _aPrecede al título: Circulo de la Unión Mercantil e Industrial.
650 4 _aContribuyentes-
_zEspaña.
_9164473
852 _aES-MaACL
_jF-13197(8)
999 _c187955
_d187955